000 00810nam a2200229Ia 4500
001 14877
003 GE_BSU
008 181216s||||||||xx |||||||||||||| ||und||
040 _cGE_BSU
080 _a514.01(075.8)
100 _aБахвалов,С.В. Иваницкая,В.П.
245 _aОснования геометрии. Аксиоматическое изложение геометрии Евклида.
245 _bУчебное пособие для вузов.
245 _cРед.А.И.Селиверстова.
260 _aМосква
260 _bНаука
260 _c1972
300 _a278стр.20см.
653 _aАксиоматическое изложение геометрии Евклида.
653 _aОснования геометрии.
942 _cBK
999 _c47997
_d47997